[Event "II Open A"]
[Site "San Marino SMR"]
[Date "2006.06.07"]
[Round "3"]
[White "Nevednichy, Vladislav"]
[Black "Laylo, Darwin"]
[Result "0-1"]
[WhiteElo "2582"]
[BlackElo "2406"]
[PlyCount "112"]
[EventDate "2006.06.05"]

1. e4 d5 2. exd5 Nf6 3. d4 Bg4 4. Nf3 Qxd5 5. Be2 Nc6 6. Be3 O-O-O 7. Nbd2 Qf5
8. O-O e5 9. c3 e4 10. Ng5 Bd6 11. f3 exf3 12. Bxf3 Bxf3 13. Qxf3 Qxf3 14. Rxf3
Rd7 15. Raf1 Re8 16. Nc4 h6 17. Nh3 Nd5 18. Bc1 f6 19. Nxd6+ cxd6 20. g4 Rde7
21. Nf2 a5 22. Nh1 b5 23. Ng3 Kd7 24. h3 Rf7 25. Kf2 b4 26. Re1 Rxe1 27. Kxe1
bxc3 28. bxc3 Nb6 29. Ke2 Nc4 30. Rf5 Ne7 31. Rb5 Kc6 32. a4 d5 33. Nf5 Nxf5
34. gxf5 Re7+ 35. Kf2 Nd6 36. Rxa5 Ne4+ 37. Kf3 Rb7 38. Ba3 Rb1 39. Bb4 Rf1+
40. Ke3 Rh1 41. c4 Rxh3+ 42. Ke2 dxc4 43. d5+ Kb6 44. Ra8 Rd3 45. a5+ Kb7 46.
Rd8 Ng3+ 47. Kf2 Nxf5 48. d6 c3 49. d7 Kc7 50. a6 Kxd8 51. Ba5+ Kxd7 52. a7 c2
53. a8=Q c1=Q 54. Qd8+ Ke6 55. Qxd3 Qf4+ 56. Kg1 Qd4+ 0-1

[Event "II Open A"]
[Site "San Marino SMR"]
[Date "2006.06.07"]
[Round "3"]
[White "Nguyen, Chi-Minh"]
[Black "Cazzaniga, Walter"]
[Result "1-0"]
[WhiteElo "2356"]
[BlackElo "2134"]
[PlyCount "70"]
[EventDate "2006.06.05"]

1. d4 Nf6 2. c4 g6 3. Nc3 Bg7 4. e4 d6 5. f4 O-O 6. Nf3 c5 7. d5 Na6 8. Bd3 Nc7
9. a4 b6 10. O-O e6 11. Bd2 exd5 12. exd5 a6 13. f5 Bd7 14. Qc2 b5 15. b3 b4
16. Ne2 Ra7 17. Rae1 Nce8 18. h3 Qc8 19. g4 gxf5 20. gxf5 Kh8 21. Ng3 Qd8 22.
Kh2 Rg8 23. Rg1 Bf8 24. Bc1 Bc8 25. Bb2 Bg7 26. Qe2 Rf8 27. Kh1 a5 28. Kh2 Rc7
29. Ng5 Ra7 30. Rg2 h6 31. Nf3 Nh7 32. Nh5 Bxb2 33. Qxb2+ f6 34. Nf4 Ng5 35.
Nxg5 hxg5 1-0

[Event "II Open A"]
[Site "San Marino SMR"]
[Date "2006.06.07"]
[Round "3"]
[White "Nohr, Finn"]
[Black "You Zi Chih, Stefano"]
[Result "1-0"]
[WhiteElo "2115"]
[BlackElo "1995"]
[PlyCount "89"]
[EventDate "2006.06.05"]

1. e4 e5 2. Nf3 Nc6 3. Bb5 a6 4. Ba4 Nf6 5. O-O Be7 6. Qe2 b5 7. Bb3 O-O 8. c3
d6 9. Rd1 Na5 10. Bc2 c5 11. d4 Qc7 12. h3 Bb7 13. d5 Bc8 14. Nbd2 Bd7 15. b3
b4 16. c4 Nb7 17. Nf1 a5 18. Ng3 g6 19. Bh6 Rfe8 20. a4 bxa3 21. Rxa3 Reb8 22.
Rda1 Be8 23. Bd2 Bf8 24. Qe1 a4 25. bxa4 Na5 26. Bxa5 Qxa5 27. Qxa5 Rxa5 28.
Rb3 Rba8 29. Rba3 Nd7 30. Rb1 R5a6 31. Nd2 Bh6 32. Ngf1 f5 33. exf5 gxf5 34.
Bxf5 Rxa4 35. Rxa4 Rxa4 36. Ne4 Bf8 37. Bxd7 Bxd7 38. Nf6+ Kf7 39. Nxd7 Rxc4
40. Nxf8 Kxf8 41. Ne3 Rb4 42. Rxb4 cxb4 43. Nc4 b3 44. Kf1 Ke7 45. Ke2 1-0

[Event "II Open A"]
[Site "San Marino SMR"]
[Date "2006.06.07"]
[Round "3"]
[White "Omeri, Silvan"]
[Black "Cavatorta, Ivan"]
[Result "1-0"]
[WhiteElo "2105"]
[BlackElo "1887"]
[PlyCount "77"]
[EventDate "2006.06.05"]

1. e4 e6 2. d4 d5 3. e5 b6 4. Nf3 Qd7 5. c3 Ba6 6. Bxa6 Nxa6 7. Ng5 c5 8. Nxh7
Rxh7 9. Qd3 Rh4 10. Qxa6 cxd4 11. cxd4 Rxd4 12. Nc3 Bb4 13. O-O Qc8 14. Qxc8+
Rxc8 15. Nb5 Re4 16. a3 a6 17. axb4 axb5 18. f4 d4 19. Rd1 d3 20. Kf1 Rd4 21.
Be3 Rd5 22. Ra3 Rc4 23. Ra8+ Rd8 24. Rxd8+ Kxd8 25. Rxd3+ Kc7 26. Rd6 Rxb4 27.
Bxb6+ Kb7 28. Bd4 Nh6 29. g3 Nf5 30. Bc3 Re4 31. Rd7+ Kc6 32. Rxf7 b4 33. Bd2
Rd4 34. Ke2 Re4+ 35. Kd3 Rd4+ 36. Kc2 b3+ 37. Kc3 Kc5 38. Rc7+ Kb5 39. g4 1-0

[Event "II Open A"]
[Site "San Marino SMR"]
[Date "2006.06.07"]
[Round "3"]
[White "Pantsulaia, Levan"]
[Black "Cuijpers, Frans Andre"]
[Result "1-0"]
[WhiteElo "2611"]
[BlackElo "2496"]
[PlyCount "85"]
[EventDate "2006.06.05"]

1. Nf3 Nf6 2. c4 c6 3. g3 d5 4. Bg2 Bf5 5. cxd5 cxd5 6. Qb3 Qb6 7. Qxb6 axb6 8.
Nc3 Nc6 9. d3 e6 10. Nb5 Bb4+ 11. Bd2 Ke7 12. Nfd4 Bxd2+ 13. Kxd2 Bg6 14. f4
Rhd8 15. Rhc1 Rac8 16. Nxc6+ Rxc6 17. Na7 Rc5 18. b4 Rxc1 19. Rxc1 Kd7 20. Nb5
Rc8 21. Rxc8 Kxc8 22. e4 Kd7 23. exd5 Nxd5 24. Bxd5 exd5 25. Ke3 f6 26. Kd4 Bf7
27. Nc3 Kd6 28. f5 Bg8 29. Ne2 Bf7 30. Nf4 g5 31. fxg6 hxg6 32. h4 Kc6 33. a4
Kd6 34. Ng2 g5 35. Ne3 gxh4 36. gxh4 Ke6 37. Nxd5 Kf5 38. Nxb6 Kf4 39. a5 f5
40. b5 Kg3 41. a6 bxa6 42. bxa6 Be8 43. a7 1-0

[Event "II Open A"]
[Site "San Marino SMR"]
[Date "2006.06.07"]
[Round "3"]
[White "Parligras, Mircea-Emilian"]
[Black "Hernandez, Alexander"]
[Result "1-0"]
[WhiteElo "2543"]
[BlackElo "2287"]
[PlyCount "139"]
[EventDate "2006.06.05"]

1. e4 e5 2. Nf3 Nc6 3. Bb5 a6 4. Ba4 Nf6 5. O-O Be7 6. Re1 b5 7. Bb3 d6 8. c3
O-O 9. h3 Na5 10. Bc2 c5 11. d4 Qc7 12. Nbd2 exd4 13. cxd4 Nc6 14. Nb3 a5 15.
Be3 a4 16. Nbd2 Nb4 17. Bb1 Bd7 18. a3 Nc6 19. Bd3 Qb7 20. Qe2 cxd4 21. Nxd4
Nxd4 22. Bxd4 Rfe8 23. Nf1 Bd8 24. Ng3 Rc8 25. Rad1 g6 26. Qf3 Re6 27. Bb1 Ne8
28. Ba2 Re7 29. Bc3 Be6 30. Bd5 Qa7 31. e5 Bxd5 32. Qxd5 dxe5 33. Rxe5 Rxe5 34.
Qxe5 Bf6 35. Qxb5 Bxc3 36. bxc3 Nf6 37. Qe5 Ne8 38. Ne4 Qb8 39. Qxb8 Rxb8 40.
Rd4 f5 41. Nc5 Rb1+ 42. Kh2 Rc1 43. Rxa4 Rxc3 44. Nd7 Kf7 45. Ra7 Nc7 46. a4
Ke7 47. Ne5 Kd6 48. f4 Kd5 49. h4 Ke4 50. g3 h5 51. Rb7 Nd5 52. Rb2 Ra3 53.
Re2+ Kd4 54. Rd2+ Ke4 55. Nc4 Rd3 56. Rxd3 Kxd3 57. Ne5+ Kd4 58. Nxg6 Kc5 59.
Nf8 Kb4 60. Ne6 Kxa4 61. Ng7 Nf6 62. Nxf5 Kb5 63. Kg2 Kc5 64. Kf3 Kd5 65. Ng7
Kd4 66. Nxh5 Nxh5 67. Kg4 Ng7 68. h5 Kd5 69. h6 Ne8 70. Kf5 1-0

[Event "II Open A"]
[Site "San Marino SMR"]
[Date "2006.06.07"]
[Round "3"]
[White "Payen, Arnaud"]
[Black "Epishin, Vladimir V."]
[Result "1/2-1/2"]
[WhiteElo "2408"]
[BlackElo "2565"]
[PlyCount "92"]
[EventDate "2006.06.05"]

1. d4 Nf6 2. Nf3 e6 3. e3 d6 4. Bd3 Nbd7 5. c4 g6 6. Nc3 Bg7 7. b3 O-O 8. a4 e5
9. Be2 Re8 10. Ba3 exd4 11. exd4 Nf8 12. O-O h6 13. Qd2 g5 14. Ne1 Bf5 15. Bd3
Ne4 16. Nxe4 Bxe4 17. Nc2 Bxd3 18. Qxd3 Ne6 19. g3 c5 20. d5 Nd4 21. Rae1 Qd7
22. Kg2 Qf5 23. Qxf5 Nxf5 24. Kf3 Bc3 25. Re4 Kg7 26. Rb1 Kg6 27. Bb2 Ba5 28.
Rd1 h5 29. h3 Nh6 30. Ke3 g4 31. h4 Rxe4+ 32. Kxe4 f5+ 33. Kd3 f4 34. b4 Bxb4
35. Nxb4 cxb4 36. Re1 fxg3 37. Re6+ Kh7 38. fxg3 Rf8 39. Rxd6 Rf3+ 40. Ke2 Nf5
41. Rd7+ Kg6 42. Be5 Nxg3+ 43. Bxg3 Rxg3 44. Rxb7 a5 45. d6 Kf6 46. Ra7 Rg2+
1/2-1/2

[Event "II Open A"]
[Site "San Marino SMR"]
[Date "2006.06.07"]
[Round "3"]
[White "Rago, Riccardo"]
[Black "Milanovic, Danilo"]
[Result "0-1"]
[WhiteElo "2090"]
[BlackElo "2513"]
[PlyCount "96"]
[EventDate "2006.06.05"]

1. e4 c5 2. Nf3 Nc6 3. d4 cxd4 4. Nxd4 Nf6 5. Nc3 e5 6. Ndb5 d6 7. Bg5 a6 8.
Na3 b5 9. Nd5 Be7 10. Bxf6 Bxf6 11. c3 Bg5 12. Nc2 Rb8 13. Bd3 O-O 14. Nce3
Bxe3 15. Nxe3 Ne7 16. O-O Be6 17. Qe2 Qb6 18. a4 Rfc8 19. axb5 axb5 20. Rfd1 g6
21. h3 Kg7 22. Rd2 Rc7 23. Rad1 Rc6 24. Ra1 Qb7 25. Nc2 Rb6 26. Nb4 Ng8 27. Bc2
Nf6 28. Rad1 Qe7 29. Qe3 Nh5 30. Nd5 Bxd5 31. Rxd5 Nf4 32. R5d2 Rc6 33. Bb3 b4
34. Bd5 Rc5 35. c4 b3 36. Kh2 Rb4 37. g3 Nxd5 38. cxd5 Rcc4 39. f3 Qc7 40. g4
Rc2 41. Kg3 h6 42. Ra1 Rbc4 43. Rd3 Rxb2 44. Rxb3 Rxb3 45. Qxb3 Rc3 46. Qb4 Rc2
47. Ra6 Qe7 48. h4 Qf6 0-1

[Event "II Open A"]
[Site "San Marino SMR"]
[Date "2006.06.07"]
[Round "3"]
[White "Raviola, Giuseppe"]
[Black "Cavatorta, Fosco"]
[Result "0-1"]
[WhiteElo "2118"]
[BlackElo "1999"]
[PlyCount "46"]
[EventDate "2006.06.05"]

1. e4 d6 2. d4 Nf6 3. Bd3 e5 4. c3 d5 5. dxe5 Nxe4 6. Bxe4 dxe4 7. Qa4+ Bd7 8.
Qxe4 Bc6 9. Qg4 h5 10. Qg3 h4 11. Qg4 Qd7 12. e6 Qxe6+ 13. Qxe6+ fxe6 14. f3
Nd7 15. Nh3 Ne5 16. O-O Bc5+ 17. Kh1 O-O 18. Nd2 Rad8 19. Nb3 Bb6 20. Bg5 Rd7
21. Bxh4 Nxf3 22. Bf2 Nd2 23. Nxd2 Rxd2 0-1

[Event "II Open A"]
[Site "San Marino SMR"]
[Date "2006.06.07"]
[Round "3"]
[White "Solaroli, Riccardo"]
[Black "Skalski, Michal"]
[Result "0-1"]
[WhiteElo "1976"]
[BlackElo "2327"]
[PlyCount "40"]
[EventDate "2006.06.05"]

1. e4 g6 2. d4 Bg7 3. Nf3 c5 4. c3 cxd4 5. cxd4 d5 6. e5 Bg4 7. Be2 Nc6 8. Nc3
Bxf3 9. Bxf3 e6 10. Be3 Nge7 11. O-O O-O 12. Bg5 Qa5 13. Bxe7 Nxe7 14. Qb3 Nc6
15. Rfd1 Rab8 16. Be2 Rfc8 17. Rac1 Bh6 18. Ra1 a6 19. g3 b5 20. f4 Qb6 0-1

[Event "II Open A"]
[Site "San Marino SMR"]
[Date "2006.06.07"]
[Round "3"]
[White "Stopa, Jacek"]
[Black "Mola, Pietro"]
[Result "1-0"]
[WhiteElo "2469"]
[BlackElo "2279"]
[PlyCount "53"]
[EventDate "2006.06.05"]

1. Nf3 Nf6 2. c4 e6 3. g3 d5 4. Bg2 Be7 5. O-O O-O 6. d4 Nbd7 7. Nc3 c6 8. Qd3
b6 9. e4 Ba6 10. b3 Rc8 11. e5 Ne8 12. Rd1 Nc7 13. Bb2 b5 14. cxb5 Nxb5 15.
Nxb5 Bxb5 16. Qd2 c5 17. dxc5 Nxc5 18. Nd4 Ba6 19. Qe3 Qb6 20. Ba3 Rfe8 21. h4
Bf8 22. Kh2 Rc7 23. f4 Ne4 24. Bxf8 Rxf8 25. Rac1 Rfc8 26. Rxc7 Qxc7 27. f5 1-0

[Event "II Open A"]
[Site "San Marino SMR"]
[Date "2006.06.07"]
[Round "3"]
[White "Svetushkin, Dmitry"]
[Black "Lamoureux, Charles"]
[Result "1-0"]
[WhiteElo "2552"]
[BlackElo "2376"]
[PlyCount "75"]
[EventDate "2006.06.05"]

1. e4 e6 2. d3 d5 3. Qe2 Ne7 4. Nf3 c5 5. g3 Nbc6 6. Bg2 g6 7. e5 Bg7 8. O-O h6
9. h4 b6 10. c3 a5 11. a4 Ba6 12. Na3 Nb8 13. Nb5 Bxb5 14. axb5 O-O 15. h5 Qe8
16. c4 Nd7 17. Nh2 Nxe5 18. hxg6 Nf5 19. Ng4 Nxg4 20. Qxg4 fxg6 21. cxd5 exd5
22. Bxd5+ Kh7 23. Bf4 Rd8 24. Bc4 Qd7 25. Rae1 Nd4 26. Qxd7 Rxd7 27. Kg2 g5 28.
Bc1 Bf6 29. f4 Kg7 30. Re4 Bd8 31. Kh3 Rd6 32. Rfe1 Rdf6 33. Kg4 Kg6 34. Rh1
Nf5 35. Re2 h5+ 36. Kh3 g4+ 37. Kg2 Nd4 38. Re4 1-0

[Event "II Open A"]
[Site "San Marino SMR"]
[Date "2006.06.07"]
[Round "3"]
[White "Tiviakov, Sergei"]
[Black "Sulskis, Sarunas"]
[Result "1-0"]
[WhiteElo "2669"]
[BlackElo "2497"]
[PlyCount "89"]
[EventDate "2006.06.05"]

1. e4 e5 2. Nf3 Nc6 3. Bb5 a6 4. Ba4 Nf6 5. O-O Be7 6. Qe2 b5 7. Bb3 d6 8. a4
Bg4 9. c3 O-O 10. h3 Na5 11. Bxf7+ Rxf7 12. hxg4 Nb3 13. Ra3 Nxc1 14. Rxc1 Nxg4
15. axb5 axb5 16. Rxa8 Qxa8 17. Qxb5 g5 18. Qe2 Nxf2 19. Qxf2 g4 20. Qg3 Qxe4
21. Na3 h5 22. Nc2 Kh7 23. Nh2 Bg5 24. Ne3 h4 25. Qe1 g3 26. Nf3 Bh6 27. Qe2
Kg7 28. Rf1 d5 29. Qe1 c6 30. Kh1 Bxe3 31. dxe3 Qd3 32. Qd1 Qxe3 33. Re1 Rxf3
34. Rxe3 Rxe3 35. Qg4+ Kf6 36. Qxh4+ Kf5 37. Qh5+ Ke4 38. Qg4+ Kd3 39. Qd1+ Kc4
40. Qg1 d4 41. Qc1 Kb3 42. cxd4 exd4 43. Kg1 Re6 44. Qd1+ Kc4 45. Qa4+ 1-0

[Event "II Open A"]
[Site "San Marino SMR"]
[Date "2006.06.07"]
[Round "3"]
[White "Troffiguer, Olivier"]
[Black "Schroer, Marcel"]
[Result "1/2-1/2"]
[WhiteElo "2121"]
[BlackElo "2007"]
[PlyCount "78"]
[EventDate "2006.06.05"]

1. d4 d5 2. Nf3 Nc6 3. c4 Bg4 4. cxd5 Bxf3 5. dxc6 Bxc6 6. Nc3 Nf6 7. f3 e6 8.
e4 Bb4 9. Be3 O-O 10. Qc2 Qe7 11. Be2 e5 12. d5 Bd7 13. O-O c6 14. Rad1 Rac8
15. Qb3 cxd5 16. exd5 Bf5 17. Bd3 Bxd3 18. Rxd3 a6 19. Rfd1 Bd6 20. Bg5 Rc7 21.
Ne4 Rfc8 22. Rc3 Rxc3 23. bxc3 b5 24. a4 Qa7+ 25. Kf1 Nxe4 26. fxe4 Qc5 27.
axb5 axb5 28. Bd2 h6 29. Rb1 Rb8 30. Ke2 Qc7 31. Be3 Qe7 32. g3 Qd7 33. Kd3 Qh3
34. Qc2 Qc8 35. Kd2 Qc4 36. Qd3 Qa2+ 37. Qc2 Qc4 38. Qd3 Qa2+ 39. Qc2 Qc4
1/2-1/2

[Event "II Open A"]
[Site "San Marino SMR"]
[Date "2006.06.07"]
[Round "3"]
[White "Valdes Romero, Leonardo"]
[Black "Damia, Angelo"]
[Result "1-0"]
[WhiteElo "2374"]
[BlackElo "2183"]
[PlyCount "153"]
[EventDate "2006.06.05"]

1. Nf3 d6 2. c4 e5 3. Nc3 Be7 4. g3 f5 5. Bg2 Nf6 6. O-O O-O 7. d3 c5 8. a3 Nc6
9. Rb1 Nd4 10. b4 Nxf3+ 11. Bxf3 cxb4 12. axb4 Rb8 13. Qa4 a6 14. b5 Bd7 15.
Qb3 Kh8 16. Bg5 axb5 17. Nxb5 Bc6 18. Bg2 Nd7 19. Bd2 Nc5 20. Qc2 Bxg2 21. Kxg2
d5 22. cxd5 Qxd5+ 23. Kg1 e4 24. dxe4 Nxe4 25. Bf4 Rbc8 26. Qd1 Qxd1 27. Rfxd1
Bc5 28. e3 Rfd8 29. Bc7 Rxd1+ 30. Rxd1 Kg8 31. Bf4 Ra8 32. Rc1 b6 33. Rc2 Rd8
34. Nd4 Bxd4 35. exd4 Rxd4 36. Rc8+ Kf7 37. Rc7+ Kf8 38. Kg2 b5 39. Rb7 b4 40.
f3 Nc5 41. Rb5 Nd3 42. Rxf5+ Kg8 43. Be3 Rc4 44. Rb5 Rc2+ 45. Kh3 Re2 46. Bd4
Kf7 47. Kg4 g6 48. h4 Re7 49. h5 Rd7 50. Be3 Re7 51. Bd4 Rd7 52. Bh8 Ke6 53. f4
gxh5+ 54. Kf3 Rd5 55. Rb8 Rd7 56. Ke3 Kf5 57. Rg8 Ke6 58. Rg5 Ne1 59. Rb5 h4
60. gxh4 Rd5 61. Rb8 Kf5 62. Rf8+ Kg4 63. Ke4 Rb5 64. Rg8+ Kxh4 65. Rg1 Nc2 66.
Kf3 Kh5 67. Be5 b3 68. Rg5+ Kh4 69. Rg1 Kh5 70. Bb2 Nb4 71. Ke4 Nc6 72. f5 Ne7
73. f6 Nc8 74. Be5 b2 75. f7 Rb4+ 76. Kd3 Rb3+ 77. Kc2 1-0

[Event "II Open A"]
[Site "San Marino SMR"]
[Date "2006.06.07"]
[Round "3"]
[White "Van der Weide, Karel"]
[Black "Meenakshi, Subbaraman"]
[Result "1/2-1/2"]
[WhiteElo "2482"]
[BlackElo "2282"]
[PlyCount "115"]
[EventDate "2006.06.05"]

1. e4 e5 2. Nf3 Nf6 3. Nxe5 d6 4. Nf3 Nxe4 5. d4 d5 6. Bd3 Nc6 7. O-O Be7 8. c4
Nb4 9. Be2 O-O 10. Nc3 Bf5 11. a3 Nxc3 12. bxc3 Nc6 13. cxd5 Qxd5 14. Re1 Bf6
15. Bf4 Rac8 16. h3 Rfe8 17. c4 Qe4 18. Be3 Rcd8 19. Bf1 Qc2 20. d5 Na5 21. Bd4
c5 22. Bxf6 gxf6 23. Qxc2 Bxc2 24. Nd2 Kf8 25. Rec1 Bg6 26. g4 h5 27. gxh5 Bxh5
28. Re1 Bg6 29. f4 b5 30. Kf2 bxc4 31. Nxc4 Nb3 32. Rxe8+ Rxe8 33. Re1 Rxe1 34.
Kxe1 Be4 35. d6 Ke8 36. h4 Nd4 37. Kf2 Bg6 38. Bh3 Bd3 39. d7+ Ke7 40. h5 Ne6
41. h6 Nxf4 42. Ke3 Nxh3 43. Kxd3 Ng5 44. Nd6 Kxd7 45. Ne4 Nh7 46. Nxc5+ Kd6
47. Kd4 f5 48. a4 f4 49. Nd3 f3 50. Ke3 Ke6 51. a5 Kf6 52. Nb4 Ng5 53. Nc6 f2
54. Kxf2 Ne4+ 55. Ke3 Nc5 56. Nxa7 Nb3 57. Nc6 Nxa5 58. Nxa5 1/2-1/2

[Event "II Open A"]
[Site "San Marino SMR"]
[Date "2006.06.07"]
[Round "3"]
[White "Veltman, Jelmer"]
[Black "Brancaleoni, Maurizio"]
[Result "0-1"]
[WhiteElo "2140"]
[BlackElo "2286"]
[PlyCount "105"]
[EventDate "2006.06.05"]

1. g3 d5 2. c4 e6 3. Bg2 Nf6 4. Nf3 Be7 5. O-O O-O 6. b3 b6 7. Bb2 Bb7 8. e3
Nbd7 9. d4 dxc4 10. bxc4 c5 11. d5 exd5 12. Nh4 Ne4 13. cxd5 Bxh4 14. Bxe4 Bf6
15. Nc3 b5 16. Bg2 Nb6 17. Qb3 b4 18. Ne4 Bxb2 19. Qxb2 Bxd5 20. Rfd1 Qe7 21.
Nf6+ Qxf6 22. Qxf6 gxf6 23. Bxd5 Rac8 24. Rac1 Rfd8 25. e4 Kf8 26. Kf1 a5 27.
Ke2 Ke7 28. Kd3 c4+ 29. Kc2 Nxd5 30. exd5 Kd6 31. Rd4 Kc5 32. Rf4 Rxd5 33.
Rxc4+ Kxc4 34. Kb1+ Kb5 35. Rxc8 Rd1+ 36. Kc2 Rf1 37. f4 Rf2+ 38. Kb1 Rxh2 39.
Rc7 Ka4 40. Rxf7 Ka3 41. Rxf6 Rh1+ 42. Kc2 Kxa2 43. Ra6 Rh5 44. g4 Rc5+ 45. Kd3
Ka3 46. Kd4 Rb5 47. Kc4 Ka4 48. f5 b3 49. f6 b2 50. f7 b1=Q 51. f8=Q Qe4+ 52.
Kc3 Rb3+ 53. Kd2 0-1

[Event "II Open A"]
[Site "San Marino SMR"]
[Date "2006.06.07"]
[Round "3"]
[White "Venturino, Marco"]
[Black "Kadziolka, Beata"]
[Result "0-1"]
[WhiteElo "2134"]
[BlackElo "2359"]
[PlyCount "58"]
[EventDate "2006.06.05"]

1. d4 Nf6 2. c4 c5 3. Nf3 cxd4 4. Nxd4 e5 5. Nf3 Nc6 6. Nc3 Bc5 7. e3 O-O 8.
Be2 Re8 9. O-O d6 10. b3 Bg4 11. Nd2 Bxe2 12. Qxe2 e4 13. Bb2 Qe7 14. Rfd1 Qe6
15. Nd5 Nxd5 16. cxd5 Qxd5 17. Qg4 g6 18. Qh4 Qe6 19. Rac1 f5 20. Qh6 Re7 21.
Nc4 Nb4 22. Ra1 Nd3 23. Bc3 b5 24. Nb2 Ne5 25. b4 Bb6 26. a4 Rc8 27. Be1 Rc2
28. Rdb1 Qf6 29. h3 Rxb2 0-1

[Event "II Open A"]
[Site "San Marino SMR"]
[Date "2006.06.07"]
[Round "3"]
[White "Vescovi Portilho, Giovanni"]
[Black "Gromovs, Sergejs"]
[Result "1-0"]
[WhiteElo "2622"]
[BlackElo "2315"]
[PlyCount "57"]
[EventDate "2006.06.05"]

1. e4 d6 2. d4 Nf6 3. Nc3 g6 4. Nf3 Bg7 5. Be3 O-O 6. Qd2 c6 7. Bh6 b5 8. Bxg7
Kxg7 9. Bd3 Bg4 10. e5 dxe5 11. dxe5 Nd5 12. Be4 Bxf3 13. Bxf3 e6 14. h4 h6 15.
h5 g5 16. O-O Nd7 17. Rae1 Qe7 18. Bxd5 exd5 19. Ne2 Qxe5 20. Nd4 Qf6 21. Re7
Ne5 22. Re1 Nc4 23. Qc3 Kg8 24. b3 b4 25. Qd3 Nd6 26. R7e6 Qxf2+ 27. Kxf2 fxe6+
28. Kg1 Ne4 29. Nxe6 1-0

[Event "II Open A"]
[Site "San Marino SMR"]
[Date "2006.06.07"]
[Round "3"]
[White "Vocaturo, Daniele"]
[Black "Malakhatko, Vadim"]
[Result "0-1"]
[WhiteElo "2402"]
[BlackElo "2559"]
[PlyCount "96"]
[EventDate "2006.06.05"]

1. e4 e6 2. d4 d5 3. Nc3 Nf6 4. e5 Nfd7 5. Nce2 c5 6. c3 Nc6 7. f4 b5 8. a3 Rb8
9. Nf3 a5 10. f5 exf5 11. Nf4 Be7 12. Nxd5 O-O 13. Bf4 cxd4 14. cxd4 Nb6 15.
Nxe7+ Nxe7 16. e6 Bxe6 17. Bxb8 Qxb8 18. Be2 Nc4 19. Bxc4 Bxc4 20. b3 Bd5 21.
O-O Nc6 22. Re1 Rd8 23. Ne5 Qa7 24. Nxc6 Bxc6 25. Kh1 h6 26. Qc2 Be4 27. Qe2
Rxd4 28. Qxb5 Bxg2+ 29. Kxg2 Rg4+ 30. Kf3 Qa8+ 31. Ke3 Qe4+ 32. Kd2 Rg2+ 33.
Re2 Qd4+ 34. Kc2 Rxe2+ 35. Qxe2 Qxa1 36. Qe8+ Kh7 37. Qxf7 Qe5 38. h4 Qe4+ 39.
Kd2 f4 40. h5 Qe3+ 41. Kd1 f3 42. Qf5+ Kg8 43. Qd5+ Kf8 44. Qd6+ Kf7 45. Qg6+
Kg8 46. Qg3 Qd3+ 47. Kc1 Qf1+ 48. Kd2 Qg2+ 0-1

[Event "II Open A"]
[Site "San Marino SMR"]
[Date "2006.06.07"]
[Round "3"]
[White "Zude, Erik"]
[Black "So, Wesley"]
[Result "1-0"]
[WhiteElo "2416"]
[BlackElo "2254"]
[PlyCount "83"]
[EventDate "2006.06.05"]

1. d4 Nf6 2. c4 e6 3. Nc3 Bb4 4. e3 c5 5. Bd3 Nc6 6. Nge2 cxd4 7. exd4 d5 8.
cxd5 Nxd5 9. O-O Bd6 10. Be4 O-O 11. Qd3 h6 12. Bxd5 exd5 13. Bf4 Bg4 14. f3
Be6 15. Rac1 Re8 16. Bxd6 Qxd6 17. a3 Rac8 18. Rfd1 Na5 19. a4 a6 20. Re1 Rc4
21. Qe3 Rb4 22. Qf4 Qb6 23. Rcd1 Rc8 24. Qg3 Rxb2 25. f4 Qd6 26. Qf3 f6 27. f5
Bf7 28. Nf4 Rb3 29. Rd3 Kh7 30. Ne6 Qb4 31. Ree3 Qa3 32. Qg3 Bxe6 33. Qg6+ Kh8
34. Rg3 Rg8 35. fxe6 Nc6 36. Rh3 Qc1+ 37. Rd1 Qg5 38. Qf7 Nd8 39. Qxg8+ Kxg8
40. e7 Qg4 41. exd8=Q+ Kh7 42. Rg3 1-0

[Event "II Open A"]
[Site "San Marino SMR"]
[Date "2006.06.07"]
[Round "4"]
[White "Berkovich, Mark A."]
[Black "Del Rio Angelis, Salvador Gabriel"]
[Result "1/2-1/2"]
[WhiteElo "2392"]
[BlackElo "2516"]
[PlyCount "98"]
[EventDate "2006.06.05"]

1. Nf3 Nf6 2. g3 b5 3. Bg2 Bb7 4. d4 e6 5. O-O c5 6. Na3 b4 7. Nc4 d5 8. Nce5
Bd6 9. c4 O-O 10. dxc5 Bxc5 11. Nd3 Be7 12. Nfe5 Ne4 13. Qa4 a5 14. Rd1 f6 15.
cxd5 Qxd5 16. Nf3 Qc6 17. Qxc6 Nxc6 18. Nf4 Rfd8 19. Be3 Kf7 20. Bb6 Rxd1+ 21.
Rxd1 g5 22. Nd4 Nxd4 23. Rxd4 Ra6 24. Bd8 Rd6 25. Rxd6 Nxd6 26. Bxe7 Kxe7 27.
Bxb7 Nxb7 28. Nd3 Kd6 29. Kf1 Kd5 30. e3 e5 31. Ke2 Nd6 32. f4 exf4 33. exf4 g4
34. Nf2 h5 35. Kd3 Nb7 36. Ne4 f5 37. Nf6+ Ke6 38. Ne8 Nc5+ 39. Kd4 Ne4 40. Ke3
Nc5 41. Nc7+ Kd7 42. Nd5 b3 43. axb3 Kd6 44. Nb6 Nxb3 45. Kd3 Kc5 46. Nd7+ Kd6
47. Nb6 Kc5 48. Nd7+ Kd6 49. Nb6 Kc5 1/2-1/2

[Event "II Open A"]
[Site "San Marino SMR"]
[Date "2006.06.07"]
[Round "4"]
[White "Epishin, Vladimir V."]
[Black "Lujan, Carolina Maria"]
[Result "1-0"]
[WhiteElo "2565"]
[BlackElo "2378"]
[PlyCount "71"]
[EventDate "2006.06.05"]

1. c4 Nf6 2. Nc3 d5 3. cxd5 Nxd5 4. g3 g6 5. Bg2 Nxc3 6. bxc3 Bg7 7. Rb1 Nc6 8.
h4 h6 9. d4 O-O 10. Nf3 Na5 11. e4 c5 12. O-O b6 13. Qe2 cxd4 14. cxd4 Bg4 15.
d5 Qc8 16. Bb2 Qc4 17. Qe3 Qxa2 18. Bxg7 Kxg7 19. Ne5 Be2 20. Rfe1 Nc4 21. Qc3
Qd2 22. Qa1 Kh7 23. Rxe2 Qxe2 24. Bf1 Qxe4 25. Bxc4 Rac8 26. Re1 Qc2 27. Re2
Qf5 28. Bd3 Qf6 29. h5 Rfd8 30. hxg6+ fxg6 31. Qa2 Rc3 32. Qd2 Rc5 33. Nxg6
Rcxd5 34. Rxe7+ Qxe7 35. Nxe7+ Rxd3 36. Qf4 1-0

[Event "II Open A"]
[Site "San Marino SMR"]
[Date "2006.06.07"]
[Round "4"]
[White "Goloshchapov, Alexander"]
[Black "Cebalo, Miso"]
[Result "1/2-1/2"]
[WhiteElo "2556"]
[BlackElo "2506"]
[PlyCount "39"]
[EventDate "2006.06.05"]

1. e4 e5 2. Nf3 Nc6 3. Bb5 a6 4. Ba4 Nf6 5. O-O Be7 6. Re1 b5 7. Bb3 d6 8. c3
O-O 9. h3 Na5 10. Bc2 c5 11. d4 Nd7 12. Kh1 Rb8 13. d5 Nb6 14. g4 b4 15. cxb4
cxb4 16. Nbd2 Bd7 17. Nf1 Nbc4 18. b3 Na3 19. Bd3 Nb7 20. Bxa3 1/2-1/2

[Event "II Open A"]
[Site "San Marino SMR"]
[Date "2006.06.07"]
[Round "4"]
[White "Guliyev, Namig"]
[Black "Bruno, Fabio"]
[Result "0-1"]
[WhiteElo "2580"]
[BlackElo "2394"]
[PlyCount "66"]
[EventDate "2006.06.05"]

1. e4 c5 2. Nf3 Nc6 3. d4 cxd4 4. Nxd4 Qb6 5. Nb3 Nf6 6. Nc3 e6 7. Be3 Qc7 8.
f4 d6 9. Qf3 a6 10. g4 h6 11. Bg2 Be7 12. O-O-O g5 13. e5 dxe5 14. fxg5 e4 15.
Qh3 Nd5 16. Nxd5 exd5 17. Rxd5 Be6 18. Rd2 Ne5 19. Bxe4 Nc4 20. gxh6 Qe5 21.
Rd4 Nxe3 22. Kb1 Bg5 23. Bxb7 Bxb3 24. axb3 Qxd4 25. Bxa8 Rxh6 26. Qg3 Re6 27.
Qb8+ Ke7 28. h3 Nd1 29. c3 Qd2 30. Qc7+ Kf8 31. Rxd1 Qxd1+ 32. Ka2 Re1 33. b4
Qa4# 0-1

[Event "II Open A"]
[Site "San Marino SMR"]
[Date "2006.06.07"]
[Round "4"]
[White "Ivanisevic, Ivan"]
[Black "Payen, Arnaud"]
[Result "1/2-1/2"]
[WhiteElo "2598"]
[BlackElo "2408"]
[PlyCount "101"]
[EventDate "2006.06.05"]

1. d4 d5 2. Nf3 Nf6 3. c4 e6 4. g3 dxc4 5. Bg2 Bb4+ 6. Bd2 a5 7. Qc2 Bxd2+ 8.
Qxd2 Bd7 9. Na3 Bc6 10. Nxc4 Bd5 11. Ne3 Be4 12. O-O Nc6 13. Rfd1 O-O 14. Rac1
Qe7 15. Ne5 Bxg2 16. Kxg2 Nb4 17. a3 Ne4 18. Qe1 Nd5 19. N3c4 a4 20. f3 Nd6 21.
e4 Nxc4 22. Nxc4 Nf6 23. Qb4 Qxb4 24. axb4 Rfc8 25. Rc3 Ne8 26. d5 Rd8 27. Rcd3
exd5 28. Rxd5 Rxd5 29. Rxd5 Kf8 30. Kf2 Ke7 31. Ke3 b6 32. e5 f6 33. b5 fxe5
34. Rxe5+ Kf6 35. Kd4 Nd6 36. Nxd6 cxd6 37. Re3 Rc8 38. Rc3 Rc5 39. Ra3 Rxb5
40. Kc3 Rc5+ 41. Kd3 b5 42. Ra1 Rc4 43. b3 axb3 44. Rb1 Rc2 45. Rxb3 Rxh2 46.
g4 h5 47. Rxb5 hxg4 48. fxg4 Rg2 49. Rf5+ Kg6 50. Rd5 Rxg4 51. Ke3 1/2-1/2